000 00518nam a2200169 i 4500
001 87002
003 ES-MaACL
005 20230906175553.0
007 t|
008 041217s1975 sp ||||1| spa d
100 1 _aKopilova, Galina Ivanovna.
_968579
245 1 0 _aManual de lengua rusa, para espaƱoles e hispanoamericanos /
_cG.I. Kopilova, T.A. Ramsina.
260 _aBarcelona :
_bAriel,
_c1975.
300 _a478 p. :
_bil. ;
_c22 cm.
700 1 _aRamsina, T. A.
_995385
852 _aES-MaACL
_jC-39102
_bR.79274
999 _c87002
_d87002